000 00425nam a2200181Ia 4500
001 24266
005 20260414151032.0
008 260414t2021||||xx |||||||||||||| ||spa||
041 _aESP
082 _a345.2
_bD49
100 _aDel Río Labarthe, Gonzalo
_eAUT
245 0 _aLa etapa intermedia
_b
260 _c2021
300 _a222 páginas :
_c24 cm.
650 _aDER
654 _aCDE
942 _cLIB
_dJUS
_fJUS
_2ddc
_n
999 _c24266
_d24266